00367 a2200145 450000100060000002000180000608200170002410000200004124500660006125000080012726000380013530000160017350000180018950500140020781687 a9780070660854 a629.1323 AND aJohn D Anderson aFundamentals of Aerodynamics 5th/EdcJohn D AndersonhEnglish a5th aNew DelhibTata McGraw Hillc2012 axxiv 1034 p aCAE Textbooks aAHQ Books